| 000 | 00689nam a2200193 a 4500 | ||
|---|---|---|---|
| 003 | 0 | ||
| 005 | 20250324114101.0 | ||
| 008 | 071121s19uu xx 00 eng d | ||
| 050 |
_aPHS SB 205.S7 _b.C518 2007 |
||
| 100 | _aChen, Yan Lai J. | ||
| 245 |
_aThe effects of bean germination on the protein content of soya (Glycine max) milk / _cYan Lai J. Chen. |
||
| 260 |
_aLas PiƱas City, Philippines : _bSouthville International School and Colleges, _c2007. |
||
| 300 |
_a21 pages : _billustrations ; _c28 cm. |
||
| 504 | _aIncludes bibliographical references. | ||
| 650 |
_aSoybean _xGermination. |
||
| 650 |
_aSoy milk _xComposition. |
||
| 650 |
_aProteins _xAnalysis. |
||
| 942 |
_2lcc _cPASS |
||
| 999 |
_c97807 _d97807 |
||